000 01990nam a22002417a 4500
999 _c62951
_d62951
003 Ge_BSU
005 20250328153616.0
008 250328s2024 ge ||||| |||| 00| 0 geo d
020 _a9789941987526
041 _ageo
080 _a343.231.14 გ-36
245 _aგერმანულ-ქართული სამართლის დიალოგი = Deutsch-georgischer Rechtsdialog : სისხლის სამართალი და ადამიანის უფლებები :
_b კონფერენციის მასალები 2023 /
_cრედაქტორები: ბაჩანა ჯიშკარიანი, მარტინ პაულ ვასმერი; მთარგმნელები: ლაშა კალანდაძე, ეთუნა ჩაჩანიძე;ქართული, გერმანული და საერთაშორისო სისხლის სამართლის ინ-ტი.
264 _aთბილისი :
_bიურისტების სამყარო,
_c2023.
300 _a206 გვ.;
_b20 სმ.
500 _a გარეკანი, თავფურცელი და ტექსტი ქართულ და გერმანულ ენებზე.
504 _aბიბლიოგრაფია ტექსტის შენიშვნებში
653 _aსისხლის სამართალი
653 _aადამიანის უფლებები
700 _aჯიშკარიანი, ბაჩანა
_eრედაქტორი
_924711
700 _aვასმერი, მარტინ პაულ
_eრედაქტორი
_915766
710 _aქართული, გერმანული და საერთაშორისო სისხლის სამართლის ინ-ტი.
_924712
942 _2udc
_cᲬᲘᲒᲜᲘ